| 000 | 00639nam a22002412 4500 | ||
|---|---|---|---|
| 001 | 75002 | ||
| 003 | BD-RjUL | ||
| 005 | 20211209082631.0 | ||
| 008 | 190108s1966 enk 000 0 eng d | ||
| 035 | _aOCLC ocm13842194 from D971013M | ||
| 035 | _a(BD-RjUL)75220 | ||
| 040 |
_aERL _cERL _dUKM _dEQO _dBD-RjUL _beng |
||
| 041 | _aeng | ||
| 082 | 0 | 4 |
_223 _a612 _bPHY 1966 |
| 245 | 0 | 0 |
_aPhysiology / _cedited by Ewald E. Selkurt. |
| 250 | _a2nd ed. | ||
| 260 |
_aLondon : _bChurchill, _c1966. |
||
| 300 | _a796 p. | ||
| 650 |
_aHuman physiology _9226738 |
||
| 700 | 1 |
_aSelkurt, Ewald E. _9226739 |
|
| 942 |
_2ddc _cBK |
||
| 999 |
_c75002 _d75002 |
||